The noble scholar, jurist, historian


 His Excellency Dr. Abdul Wahhab bin Ibrahim Abu Sulaiman, may Allah have mercy on him.


 He was born in Umm Al-Qura in the year 1356 AH.

الدرة المكللة في فتح مكة المشرفة المبجلة / (Record no. 9366)

MARC details
000 -LEADER
fixed length control field 02680cam a2200373 i 4500
003 - CONTROL NUMBER IDENTIFIER
control field SA-RiAUC
005 - DATE AND TIME OF LATEST TRANSACTION
control field 20250701093955.0
008 - FIXED-LENGTH DATA ELEMENTS--GENERAL INFORMATION
fixed length control field 250629s1987 ua g 00110 ara c
024 0# - OTHER STANDARD IDENTIFIER
Standard number or code 00000000269175
040 ## - CATALOGING SOURCE
Original cataloging agency SA-RiAUC
Language of cataloging ara
Transcribing agency SA-RiAUC
Modifying agency KAC
Description conventions rda
043 ## - GEOGRAPHIC AREA CODE
Geographic area code a-su---
082 04 - DEWEY DECIMAL CLASSIFICATION NUMBER
Classification number 239.5
Assigning agency SA-RiAUC
090 ## - LOCALLY ASSIGNED LC-TYPE CALL NUMBER (OCLC); LOCAL CALL NUMBER (RLIN)
Classification number (OCLC) (R) ; Classification number, CALL (RLIN) (NR) 239.5
Local cutter number (OCLC) ; Book number/undivided call number, CALL (RLIN) ا ب و ح
100 1# - MAIN ENTRY--PERSONAL NAME
Personal name أبو الحسن البكري، محمد بن محمد بن عبد الرحمن،
Dates associated with a name 899-952 هجري
Relator term مؤلف.
245 12 - TITLE STATEMENT
Title الدرة المكللة في فتح مكة المشرفة المبجلة /
Statement of responsibility, etc. تأليف محمد بن محمد بن عبد الرحمن البكري الشافعي الأشعري المصري ؛ تقديم ومراجعة محمد حجازي.
250 ## - EDITION STATEMENT
Edition statement الطبعة الأولى.
264 #1 - PRODUCTION, PUBLICATION, DISTRIBUTION, MANUFACTURE, AND COPYRIGHT NOTICE
Place of production, publication, distribution, manufacture القاهرة :
Name of producer, publisher, distributor, manufacturer مكتبة الثقافة الدينية،
Date of production, publication, distribution, manufacture, or copyright notice 1987
264 #3 - PRODUCTION, PUBLICATION, DISTRIBUTION, MANUFACTURE, AND COPYRIGHT NOTICE
Place of production, publication, distribution, manufacture القاهرة :
Name of producer, publisher, distributor, manufacturer مطبعة المدني، الؤسسة السعودية بمصر
300 ## - PHYSICAL DESCRIPTION
Extent 182 صفحة ؛
Dimensions 24 × 17 سم
336 ## - CONTENT TYPE
Content type term نص
Content type code txt
Source rdacontent
Materials specified كتاب
337 ## - MEDIA TYPE
Media type term بدون وسيط
Media type code n
Source rdamedia
338 ## - CARRIER TYPE
Carrier type term مجلد
Carrier type code nc
Source rdacarrier
500 ## - GENERAL NOTE
General note يشتمل على كشافات.
504 ## - BIBLIOGRAPHY, ETC. NOTE
Bibliography, etc. note ببليوجرافية : صفحة 178-180.
505 0# - FORMATTED CONTENTS NOTE
Formatted contents note المحتويات : مقدمة المؤلف-ذكر فتح مكة المشرفة شرف الله تعالى قدرها-ذكر فتوح مكة وقتلهم الخزاعيين ليلا وأخذهم أموالهم وما كان معهم ومعاونة أهل مكة في ذلك-ذكر جمع الجيوش والعساكر والقبائل والعربان-ذكر خروج النبي صلى الله عليه وسلم للقبائل والعربان وسلامه عليهم وكم قبيلة في هذه الغزوة المباركة-ذكر حاطب بن أبي بلتعة القيسي وما أسره في نفسه من إفشاء أمر النبي صلى الله عليه وسلم بكتابه الذي أرسله إلى مكة مع جرادة وكيف فضحه الوحي في حضرة النبي صلى الله عليه وسلم وهذا من بعض معجزاته صلى الله عليه وسلم ...-الفهارس.
650 #7 - SUBJECT ADDED ENTRY--TOPICAL TERM
Topical term or geographic name entry element فتح مكة
Source of heading or term aucsh
650 #7 - SUBJECT ADDED ENTRY--TOPICAL TERM
Topical term or geographic name entry element السيرة النبوية
Source of heading or term aucsh
650 #7 - SUBJECT ADDED ENTRY--TOPICAL TERM
Topical term or geographic name entry element الفتوحات الإسلامية
Source of heading or term aucsh
651 #7 - SUBJECT ADDED ENTRY--GEOGRAPHIC NAME
Geographic name البلاد الإسلامية
General subdivision تاريخ
Chronological subdivision عصر صدر الإسلام، 610-661
Source of heading or term aucsh
651 #7 - SUBJECT ADDED ENTRY--GEOGRAPHIC NAME
Geographic name مكة المكرمة
General subdivision تاريخ
Chronological subdivision عصر صدر الإسلام، 13 قبل الهجرة-41 هجري.
Source of heading or term aucsh
700 1# - ADDED ENTRY--PERSONAL NAME
Personal name حجازي، محمد
Relator term مقدم.
942 ## - ADDED ENTRY ELEMENTS (KOHA)
Source of classification or shelving scheme Dewey Decimal Classification
Koha item type Books
Suppress in OPAC No
949 ## - LOCAL PROCESSING INFORMATION (OCLC)
a SA-JeALM
d 250629
u mohamedma123
n 1
Holdings
Withdrawn status Lost status Source of classification or shelving scheme Damaged status Not for loan Home library Current library Date acquired Total checkouts Full call number Barcode Date last seen Price effective from Koha item type
    Dewey Decimal Classification     DR AbdElwahab Library DR AbdElwahab Library 07/01/2025   239.5 ا ب و ح 000015250 07/01/2025 07/01/2025 Books
    Dewey Decimal Classification     DR AbdElwahab Library DR AbdElwahab Library 08/17/2025   239.5 ا ب و ح 000017637 08/17/2025 08/17/2025 Books
    Dewey Decimal Classification     DR AbdElwahab Library DR AbdElwahab Library 09/26/2025   239.5 ا ب و ح 000019509 09/26/2025 09/26/2025 Books